书目信息 |
| 题名: |
曾生传
|
|
| 作者: | 陈立平 著 ;中共广东省委 , 广东中共党史人物研究会 编 | |
| 分册: | ||
| 出版信息: | 广州 广东人民出版社 2021 |
|
| 页数: | 433页 | |
| 开本: | 25cm | |
| 丛书名: | ||
| 单 册: | ||
| 中图分类: | K825.2=75 , K825.2 | |
| 科图分类: | ||
| 主题词: | ||
| 电子资源: | ||
| ISBN: | 978-7-218-15190-8 | |
| 000 | 00994nam0 2200253 450 | |
| 001 | 2373453876 | |
| 005 | 20231130202437.84 | |
| 010 | @a978-7-218-15190-8@dCNY85.00 | |
| 100 | @a20211229d2021 em y0chiy50 ea | |
| 101 | 0 | @achi |
| 102 | @aCN@b440000 | |
| 105 | @aa z 000yb | |
| 200 | 1 | @a曾生传@Aceng sheng zhuan@f陈立平著@g中共广东省委党史研究室,广东中共党史人物研究会编 |
| 210 | @a广州@c广东人民出版社@d2021 | |
| 215 | @a433页@c照片@d25cm | |
| 330 | @a本书以时间为主线,以故事化的叙事方式,梳理曾生的生平和革命事迹,讲述以曾生为代表的革命先辈和革命烈士为中国人民谋幸福、为中华民族谋复兴而奋斗终身的英雄事迹。 | |
| 600 | 0 | @a曾生@f(1910-1995)@x传记 |
| 690 | @aK825.2=75@v5 | |
| 690 | @aK825.2@v4 | |
| 701 | 0 | @a陈立平@Achen li ping@f(1952.8-)@4著 |
| 712 | 02 | @a中共广东省委@Azhong gong guang dong sheng wei@b党史研究室@4编 |
| 712 | 02 | @a广东中共党史人物研究会@Aguang dong zhong gong dang shi ren wu yan jiu hui@4编 |
| 801 | 0 | @aCN@b91MARC@c20220125 |
| 905 | @aZUCC@dK825.2@e457 | |
| 曾生传/陈立平著/中共广东省委党史研究室,广东中共党史人物研究会编.-广州:广东人民出版社,2021 |
| 433页:照片;25cm |
| ISBN 978-7-218-15190-8:CNY85.00 |
| 本书以时间为主线,以故事化的叙事方式,梳理曾生的生平和革命事迹,讲述以曾生为代表的革命先辈和革命烈士为中国人民谋幸福、为中华民族谋复兴而奋斗终身的英雄事迹。 |
| ● |
| 相关链接 |
|
|
|
正题名:曾生传
索取号:K825.2/457
 
预约/预借
| 序号 | 登录号 | 条形码 | 馆藏地/架位号 | 状态 | 备注 |
| 1 | 2001253633 | 2001253633 | 辽宁北方(第一批)/辽宁北方(第一批)/28/ [索取号:K825.2/457] | 在馆 | |
| 2 | 2001253634 | 2001253634 | 辽宁北方(第一批)/辽宁北方(第一批)/28/ [索取号:K825.2/457] | 在馆 | |
| 3 | 2001253635 | 2001253635 | 辽宁北方(第一批)/辽宁北方(第一批)/28/ [索取号:K825.2/457] | 在馆 | |
| 4 | 2001253636 | 2001253636 | 辽宁北方(第一批)/辽宁北方(第一批)/28/ [索取号:K825.2/457] | 在馆 | |
| 5 | 2001253637 | 2001253637 | 辽宁北方(第一批)/辽宁北方(第一批)/28/ [索取号:K825.2/457] | 在馆 | |
| 6 | 2001253638 | 2001253638 | 辽宁北方(第一批)/辽宁北方(第一批)/28/ [索取号:K825.2/457] | 在馆 |